<?xml version="1.0" encoding="UTF-8"?>
<record
    xmlns:xsi="http://www.w3.org/2001/XMLSchema-instance"
    xsi:schemaLocation="http://www.loc.gov/MARC21/slim http://www.loc.gov/standards/marcxml/schema/MARC21slim.xsd"
    xmlns="http://www.loc.gov/MARC21/slim">

  <leader>02144nam a2200325 i 4500</leader>
  <controlfield tag="001">193977</controlfield>
  <controlfield tag="003">SpMaBN</controlfield>
  <controlfield tag="005">20250711063122.0</controlfield>
  <controlfield tag="008">240125s2023    sp     | |||| 000   spa  </controlfield>
  <datafield tag="015" ind1=" " ind2=" ">
    <subfield code="a">MON24</subfield>
  </datafield>
  <datafield tag="017" ind1=" " ind2=" ">
    <subfield code="a">BI 01040-2023</subfield>
    <subfield code="b">Oficina Dep&#xF3;sito Legal Vizcaya</subfield>
  </datafield>
  <datafield tag="020" ind1=" " ind2=" ">
    <subfield code="a">9788412583373</subfield>
  </datafield>
  <datafield tag="040" ind1=" " ind2=" ">
    <subfield code="a">SpMaBN</subfield>
    <subfield code="b">spa</subfield>
    <subfield code="c">SpMaBN</subfield>
    <subfield code="e">rda</subfield>
  </datafield>
  <datafield tag="100" ind1=" " ind2=" ">
    <subfield code="a">Cesarco, Alejandro </subfield>
    <subfield code="e">art</subfield>
    <subfield code="9">240460</subfield>
  </datafield>
  <datafield tag="245" ind1=" " ind2=" ">
    <subfield code="a">Otros ejemplos recientes</subfield>
    <subfield code="b">= Other Recent Examples = Outros exemplos recentes = Beste adibide berri batzuk  /</subfield>
    <subfield code="c">Alejandro Cesarco ; traducciones de Cecilia Pav&#xF3;n, Lu&#xEC;sa Yokochi, Maria Jose Kerejeta</subfield>
  </datafield>
  <datafield tag="260" ind1=" " ind2=" ">
    <subfield code="a">Bilbao :</subfield>
    <subfield code="b">Artium Museoa ; Luminar Cit&#xE9; ; Caniche Editorial, </subfield>
    <subfield code="c">2023</subfield>
  </datafield>
  <datafield tag="300" ind1=" " ind2=" ">
    <subfield code="a">166 p&#xE1;g ;</subfield>
    <subfield code="c">20 cm</subfield>
  </datafield>
  <datafield tag="336" ind1=" " ind2=" ">
    <subfield code="a">Texto</subfield>
    <subfield code="2">rdacontent</subfield>
  </datafield>
  <datafield tag="337" ind1=" " ind2=" ">
    <subfield code="a">sin mediaci&#xF3;n</subfield>
    <subfield code="2">rdamedia</subfield>
  </datafield>
  <datafield tag="338" ind1=" " ind2=" ">
    <subfield code="a">volumen</subfield>
    <subfield code="2">rdacarrier</subfield>
  </datafield>
  <datafield tag="501" ind1=" " ind2=" ">
    <subfield code="a"> </subfield>
  </datafield>
  <datafield tag="520" ind1=" " ind2=" ">
    <subfield code="a">Otros ejemplos recientes no es t&#xE9;cnicamente ni un libro de artista, ni un cat&#xE1;logo, ni un libro de ensayo, ni un ejercicio de traducci&#xF3;n, y sin embargo es todo eso a la vez.  Esta publicaci&#xF3;n re&#xFA;ne, por un lado, obra que aborda las diferentes funciones, usos y formas de la pedagog&#xED;a y, por otro, trabajos que reflexionan sobre las relaciones entre la lengua materna, el biling&#xFC;ismo y el peculiar ecosistema que sustenta esa interrelaci&#xF3;n. Otros ejemplos recientes incluye, adem&#xE1;s, un ensayo de Mirene Arsanios, cartelas de obras expandidas y una serie de ep&#xED;grafes que funcionan como pr&#xF3;logo y delatan la influencia de Macedonio Fern&#xE1;ndez en la concepci&#xF3;n de la publicaci&#xF3;n.

Editado con ocasi&#xF3;n de las exposiciones de Alejandro Cesarco en Artium Museoa (Vitoria) y Lumiar Cit&#xE9; (Lisboa).</subfield>
  </datafield>
  <datafield tag="655" ind1=" " ind2="7">
    <subfield code="2">tgfbne</subfield>
    <subfield code="9">193628</subfield>
    <subfield code="a">Cat&#xE1;logos de exposiciones</subfield>
  </datafield>
  <datafield tag="852" ind1=" " ind2=" ">
    <subfield code="a">ES-MaACL</subfield>
    <subfield code="b">R.154988</subfield>
    <subfield code="c">DEPOJ</subfield>
    <subfield code="j">N-9781</subfield>
    <subfield code="x">Encuadernaci&#xF3;n r&#xFA;stica con solapas</subfield>
    <subfield code="h">Donaci&#xF3;n: Editorial</subfield>
    <subfield code="9">205511</subfield>
  </datafield>
  <datafield tag="942" ind1=" " ind2=" ">
    <subfield code="c">MONOGRAFIA</subfield>
    <subfield code="n">0</subfield>
  </datafield>
  <datafield tag="999" ind1=" " ind2=" ">
    <subfield code="c">193977</subfield>
    <subfield code="d">193977</subfield>
  </datafield>
  <datafield tag="952" ind1=" " ind2=" ">
    <subfield code="0">0</subfield>
    <subfield code="1">0</subfield>
    <subfield code="2">udc</subfield>
    <subfield code="4">0</subfield>
    <subfield code="7">0</subfield>
    <subfield code="a">ATENEOM</subfield>
    <subfield code="b">ATENEOM</subfield>
    <subfield code="c">DEPOJ</subfield>
    <subfield code="d">2025-05-13</subfield>
    <subfield code="e">DONACION</subfield>
    <subfield code="l">0</subfield>
    <subfield code="o">N-9781</subfield>
    <subfield code="p">101230093</subfield>
    <subfield code="r">2025-05-13 00:00:00</subfield>
    <subfield code="w">2025-05-13</subfield>
    <subfield code="y">MONOGRAFIA</subfield>
  </datafield>
</record>
